The graduation of Jake Moon / (Record no. 4424)

MARC details
000 -LEADER
fixed length control field 00839nam a22002537a 4500
001 - CONTROL NUMBER
control field 4424
003 - CONTROL NUMBER IDENTIFIER
control field FISKH
005 - DATE AND TIME OF LATEST TRANSACTION
control field 20240904155538.0
008 - FIXED-LENGTH DATA ELEMENTS--GENERAL INFORMATION
fixed length control field 240904b cb ||||| |||| 00| 0 eng d
020 ## - INTERNATIONAL STANDARD BOOK NUMBER
International Standard Book Number 0439389240
040 ## - CATALOGING SOURCE
Original cataloging agency FISKH
Language of cataloging eng
Transcribing agency FISKH
Modifying agency FISKH
050 ## - LIBRARY OF CONGRESS CALL NUMBER
Classification number PZ7.P2197
082 ## - DEWEY DECIMAL CLASSIFICATION NUMBER
Edition number 173
100 ## - MAIN ENTRY--PERSONAL NAME
Personal name Park, Barbara
Dates associated with a name (1947–2013)
245 ## - TITLE STATEMENT
Title The graduation of Jake Moon /
Statement of responsibility, etc. Barbara Park
250 ## - EDITION STATEMENT
Edition statement First printing 2002
260 ## - PUBLICATION, DISTRIBUTION, ETC.
Place of publication, distribution, etc. New York :
Name of publisher, distributor, etc. Scholastic,
Date of publication, distribution, etc. 2000.
300 ## - PHYSICAL DESCRIPTION
Extent 115 pages :
Dimensions 20cm.
520 ## - SUMMARY, ETC.
Summary, etc. Fourteen-year-old Jake recalls how he has spent the last four years of his life watching his grandfather descend slowly but surely into the horrors of Alzheimer's disease.
650 ## - SUBJECT ADDED ENTRY--TOPICAL TERM
Source of heading or term Realistic fiction
Topical term or geographic name entry element Illness
Form subdivision Family
650 ## - SUBJECT ADDED ENTRY--TOPICAL TERM
Source of heading or term Elderly
Topical term or geographic name entry element Chapter book
Form subdivision Funny
942 ## - ADDED ENTRY ELEMENTS (KOHA)
Source of classification or shelving scheme Dewey Decimal Classification
Koha item type Books
Suppress in OPAC No
Holdings
Withdrawn status Lost status Source of classification or shelving scheme Damaged status Not for loan Home library Current library Shelving location Date acquired Total Checkouts Full call number Barcode Date last seen Date last checked out Copy number Price effective from Koha item type
    Dewey Decimal Classification     Footprints International School Library Network Toul Kork Campus Footprints International School Library Network Toul Kork Campus TTP Secondary Fiction Bookshelves 09/04/2024 1 PAR 173 PZ7.P2197 2024-1885 09/10/2024 09/10/2024 1 09/04/2024 Books